000 00425nam a2200169Ia 4500
008 230524s9999 xx 000 0 und d
082 _a621.382
_bCAR
100 _aA.Bruce Carlson
245 0 _aCommunication Systems
250 _a4TH
260 _aNEW DELHI
_bTMH
_c2002
300 _aXIII;839
500 _aQuantity Number: 5
650 _aElectronics
700 _a" Paul B.Crilly,Janet C.Rutledge,,,"
942 _cBK
999 _c31700
_d31700